000 00959pam a2200313 a 4500
001 1369817
003 OSt
005 20251114115310.0
008 810309s1982 maua 001 0 eng
010 _a 81002194
020 _a0201080656 :
_c$22.96 (est.)
020 _a9780201080650
035 _a1369817
040 _aDLC
_cDLC
_dDLC
050 0 0 _aTA403
_b.V357
082 0 0 _a620.1/1
_219
100 1 _aVan Vlack, Lawrence H.
245 1 0 _aMaterials for engineering :
_bconcepts and applications /
_cLawrence H. Van Vlack.
260 _aReading, Mass. :
_bAddison-Wesley,
_cc1982.
300 _axiv, 604 p. :
_bill. ;
_c24 cm.
336 _atext
_btxt
_2rdacontent
337 _aunmediated
_bn
_2rdamedia
338 _avolume
_bnc
_2rdacarrier
500 _aIncludes index.
650 0 _aMaterials.
906 _a7
_bcbc
_corignew
_d1
_eocip
_f19
_gy-gencatlg
942 _2lcc
_cBK
999 _c265200
_d265199